| 000 | 00659nam a2200229 i 4500 | ||
|---|---|---|---|
| 001 | 6006 | ||
| 003 | ES-MaACL | ||
| 007 | t| | ||
| 008 | 890622s1989 sp ||||1| spa d | ||
| 020 | _a84-321-2495-8 | ||
| 080 | _a86-14"19" | ||
| 080 | _a86(Martin Mendez,A.7 B.01) | ||
| 100 | 1 |
_aMartín Méndez, Alberto. _977566 |
|
| 245 | 1 | 0 |
_aBiografía de un traficante de no se / _cAlberto Martínez Méndez. |
| 260 |
_aMadrid : _bRialp, _c1989. |
||
| 300 |
_a74 p. ; _c18 cm. |
||
| 490 | 1 |
_aAdonais ; _v461 |
|
| 500 | _aAccesit del Premio Adonais 1988. | ||
| 830 | 0 | 0 |
_aAdonáis _v461 _9173743 |
| 852 |
_aES-MaACL _jJ-23-461 _bR.127948 |
||
| 999 |
_c6006 _d6006 |
||